000 00277nam a22001337a 4500
008 170925b xxu||||| |||| 00| 0 eng d
020 _a0155977881
041 _aeng
080 _a37
100 _a46
101 _aEDU
245 _aWRTING LOGIC
_cLEVIN.G
942 _2udc
_cBK
999 _c29534
_d29534